Kokusai Shinpojūmu Sekai no naka no Nihon no Seinen hōkokusho /
Saved in:
| Corporate Authors: | , |
|---|---|
| Format: | Book |
| Language: | Japanese |
| Published: |
Tōkyō :
Ōkurashō Insatsukyoku,
1979.
|
| Subjects: | |
| Tags: |
Add Tag
No Tags, Be the first to tag this record!
|
| LEADER | 01161nam a2200289 a 4500 | ||
|---|---|---|---|
| 001 | 007785751-8 | ||
| 005 | 20024617120653.0 | ||
| 008 | 890711s1979 ja a f100 0 jpn | ||
| 010 | |a 80800697 | ||
| 015 | |a Ja79-18176 | ||
| 035 | 0 | |a ocm23343749 | |
| 040 | |a DLC |c MiU |d OCoLC |d *YNH* |d CStRLIN | ||
| 050 | 0 | 0 | |a HQ793 |b .I6545 1978 |
| 111 | 2 | |a International Symposium Japanese Youth in the World |d (1978 : |c Tokyo, Japan) | |
| 245 | 1 | 0 | |6 880-01 |a Kokusai Shinpojūmu Sekai no naka no Nihon no Seinen hōkokusho / |c Sōrifu Seishōnen Taisaku Honbu hen. |
| 246 | 1 | 4 | |6 880-02 |a Sekai no naka no Nihon no seinen |
| 260 | |6 880-03 |a Tōkyō : |b Ōkurashō Insatsukyoku, |c 1979. | ||
| 300 | |a 2, 281 p. : |b ill. ; |c 21 cm. | ||
| 650 | 0 | |a Youth |v Congresses. | |
| 650 | 0 | |a Youth |z Japan |v Congresses. | |
| 710 | 1 | |6 880-04 |a Japan. |b Seishōnen Taisaku Honbu. | |
| 880 | 1 | 0 | |6 245-01 |a 国際シンポジウム世界の中の日本の青年報告書 / |c 総理府青少年対策本部編. |
| 880 | 1 | 4 | |6 246-02 |a 世界の中の日本の青年 |
| 880 | |6 260-03 |a 東京 : |b 大藏省印刷局, |c 1979. | ||
| 880 | 1 | |6 710-04 |a Japan. |b 青少年対策本部. | |
| 988 | |a 20021214 | ||
| 906 | |0 DLC | ||


